000 00796nam a2200277 a 4500
001 32889
003 AR-BaAGN
005 20231116150452.0
007 ta
008 220625s1977 ag |||||r|||| ||||||spa d
040 _dAR-BaAGN
_aAR-BaAGN
_bspa
_eaacr
100 1 _aSlame, María Cristina
245 1 0 _aRégimen legal para las inversiones extranjeras :
_bley n° 21.382, decreto reglamentario n°283/77 correlacionados
250 _a1ª ed.
260 _aBuenos Aires :
_bAbeledo-Perrot,
_c1977.
300 _a341 páginas
336 _2rdacontent
_btxt
337 _2rdamedia
_bn
338 _2rdacarrier
_bnc
650 4 _aINVERSIONES
_91779
650 4 _aLEGISLACIÓN
_91533
650 4 _aECONOMÍA
_91656
700 1 _aBalestra, Ricardo R.
_eaui
942 _cLIBRO
999 _c32889
_d32889